00834 2200265 4500001002100000005001700021008004100038020002200079035002400101082001000125090001700135100001700152245017900169260003900348300002200387650002200409700002900431700002900460700001900489850000900508985000600517999001500523999001500538999001500553YOGYA-0209000007417020090227093800.0 ind  a978-979-798-446-5 0010-020900000074170 a330.9 a330.9bHar B aHARARI, Oren aBreak from thepackbStrategi bersaing di tengah sengitnya ekonomi peniruancOren Harari ;alih bahasa Natalia Ruth Sihandrini ;penyunting Ferdinandus Untoro Ardi,Latifah Hanim aJakartabBhuana Ilmu Populerc2007 axi,385 hlmc23 cm aEkonomi, Strategi aSihandrini, Natalia Ruth aArdi, Ferdinandus Untoro aHanim, Latifah aBPAD a3 a08B0045538 a08B0045539 a08B0045540